Parenting stress / (Record no. 86714)

MARC details
000 -LEADER
fixed length control field 00616nam a22001937a 4500
005 - DATE AND TIME OF LATEST TRANSACTION
control field 20140812113858.0
010 ## - LCCN (DPL NO)
LC control number ENG-110442
020 ## - INTERNATIONAL STANDARD BOOK NUMBER
International Standard Book Number 9788181930743
Terms of availability 350.00
035 ## - SYSTEM CONTROL NUMBER
System control number EN-93974
037 ## - SOURCE OF ACQUISITION
Source of stock number/acquisition DBAD/PUB
082 ## - DEWEY DECIMAL CLASSIFICATION NUMBER
Classification number 155.9042085
100 ## - MAIN ENTRY--PERSONAL NAME
Personal name Deater-Deckard, Kirby
245 ## - TITLE STATEMENT
Title Parenting stress /
Statement of responsibility, etc by Kirby Deater- Deckard
260 ## - PUBLICATION, DISTRIBUTION, ETC. (IMPRINT)
Place of publication, distribution, etc Delhi
Name of publisher, distributor, etc Byword Books
Date of publication, distribution, etc 2011
270 ## - ADDRESS
Address GF-15, Virat Bhawan, Mukherjee Nagar Commercial Complex
City Delhi
Postal code 110009
300 ## - PHYSICAL DESCRIPTION
Extent xi,208p.
Dimensions 23cm(pbk)
500 ## - GENERAL NOTE
General note Includes bibliographical references and index
942 ## - ADDED ENTRY ELEMENTS (KOHA)
Source of classification or shelving scheme Dewey Decimal Classification
Item type English Books
Call number suffix DEA
Classification part 155.9042085
Holdings
Withdrawn status Lost status Not for loan Collection code Home library Current library Date acquired Source of acquisition Cost, normal purchase price Full call number Barcode Copy number Cost, replacement price Koha item type
    Not For Loan Non-fiction D.B.Act.Division D.B.Act.Division 10/07/2014 DBAD/PUB 350.00 155.9042085 DEA EN-93974 1 350.00 English Books

© Delhi Public Library
Hit Counter
free hit counter